Word Ladder: Beatles' Songs Quiz Stats

 Plays Quiz Updated Jul 6, 2018

Challenge
Share
Tweet
Embed
Score 0/51 Timer 06:00
3 Plays Today
Clue 4-Letter Word % Correct
♪ ___ Comes the Sun ♪♬HERE♬
98.3%
♪ I Want to Hold Your ___♬HAND♬
97.2%
♪ All You ___ Is Love ♪♬NEED♬
96.7%
♪ Penny ___♬LANE♬
96.4%
♪ A ___ Day's Night ♪♬HARD♬
96.3%
♪ Eight Days a ___♬WEEK♬
96.2%
♪ Ticket to ___♬RIDE♬
94.9%
Sample a lollypopLICK
94.6%
♪ A Day in the ___♬LIFE♬
94.5%
♪ We Can ___ It Out ♪♬WORK♬
94.4%
EmployHIRE
94.3%
Unwanted garden plantWEED
93.7%
Tiny hair pestsLICE
93.7%
Canine commentBARK
93.6%
QueueLINE
93.5%
Meat from a pigPORK
93.4%
♪ Get ___♬BACK♬
93.3%
Group of animalsHERD
93.3%
♪You've Got to ___ Your Love Away♪♬HIDE♬
93%
Relative of a geekNERD
92.9%
Past dueLATE
92.6%
Frilly materialLACE
92.4%
Shakespeare, e.g.BARD
92%
♪ ___ Together ♪♬COME♬
90.8%
Be in need ofLACK
90.1%
Williams, the country singerHANK
89.6%
Clue 4-Letter Word % Correct
GlimpsePEEK
89.3%
Toot a hornHONK
89.1%
♪ ___ a Little Help from My Friends ♪♬WITH♬
89.1%
Informal benefitPERK
88.1%
WidespreadRIFE
87.7%
Slender or thinLANK
86.3%
Greek flatbreadPITA
85.8%
♪ Lovely ___♬RITA♬
85%
SharpenHONE
84.6%
City of seven hillsROME
81.3%
RitualRITE
81.2%
CenterCORE
80%
Plant stem tissuePITH
78.9%
___ Middleton, Duchess of CambridgeKATE
78.2%
Tiny pestMITE
76.8%
No more or better thanMERE
75.4%
Frozen mistRIME
73.8%
SwampMIRE
73.7%
A thin ropeCORD
73.2%
♪ The ___♬WORD♬
72.5%
♪ Being for the Benefit of Mr. ___♬KITE♬
70.9%
♪ Fixing a ___♬ HOLE ♬
59.7%
ListenHEED
59%
Red deerHIND
52%
HurriedHIED
44%

Today's Daily Dose

Missing Word
Animated TV Series

Word Ladder
Boston

Quick Pick
'H' Literature

On This Day
August 16th II

You're not logged in!

Compare scores with friends on all Sporcle quizzes.
Join for Free
OR
Log In

You Might Also Like...

Show Comments

Extras

Top Quizzes Today


Score Distribution

Your Account Isn't Verified!

In order to create a playlist on Sporcle, you need to verify the email address you used during registration. Go to your Sporcle Settings to finish the process.

Report this User

Report this user for behavior that violates our Community Guidelines.

Details: